<?xml version="1.0" encoding="UTF-8"?>
<record
    xmlns:xsi="http://www.w3.org/2001/XMLSchema-instance"
    xsi:schemaLocation="http://www.loc.gov/MARC21/slim http://www.loc.gov/standards/marcxml/schema/MARC21slim.xsd"
    xmlns="http://www.loc.gov/MARC21/slim">

  <leader>01035nam a22002537a 4500</leader>
  <controlfield tag="005">20170719165753.0</controlfield>
  <datafield tag="010" ind1=" " ind2=" ">
    <subfield code="a">1617EN ENG-116838</subfield>
  </datafield>
  <datafield tag="020" ind1=" " ind2=" ">
    <subfield code="a">9789332569911</subfield>
    <subfield code="c">579.00</subfield>
  </datafield>
  <datafield tag="035" ind1=" " ind2=" ">
    <subfield code="a">B-652120-129</subfield>
  </datafield>
  <datafield tag="035" ind1=" " ind2=" ">
    <subfield code="a">EN-100370</subfield>
  </datafield>
  <datafield tag="035" ind1=" " ind2=" ">
    <subfield code="a">B-666220</subfield>
  </datafield>
  <datafield tag="037" ind1=" " ind2=" ">
    <subfield code="a">dpl</subfield>
    <subfield code="b">Pragati</subfield>
  </datafield>
  <datafield tag="082" ind1=" " ind2=" ">
    <subfield code="a">302</subfield>
  </datafield>
  <datafield tag="100" ind1=" " ind2=" ">
    <subfield code="a">Baron, Robert A.</subfield>
  </datafield>
  <datafield tag="245" ind1=" " ind2=" ">
    <subfield code="a">Social Psychology /</subfield>
    <subfield code="c">by Robert A. Baron [and] Nyla R. Branscombe</subfield>
  </datafield>
  <datafield tag="260" ind1=" " ind2=" ">
    <subfield code="a">Noida</subfield>
    <subfield code="b">Pearson</subfield>
    <subfield code="c">2016</subfield>
  </datafield>
  <datafield tag="270" ind1=" " ind2=" ">
    <subfield code="a">7th Floor, Knowledge Boulevard, Sector 62</subfield>
    <subfield code="b">Noida</subfield>
    <subfield code="e">201309 (U.P.) India</subfield>
  </datafield>
  <datafield tag="300" ind1=" " ind2=" ">
    <subfield code="a">xxv,481p.</subfield>
    <subfield code="c">25cm(pbk)</subfield>
    <subfield code="b">ill.</subfield>
  </datafield>
  <datafield tag="500" ind1=" " ind2=" ">
    <subfield code="a">includes index</subfield>
  </datafield>
  <datafield tag="700" ind1=" " ind2=" ">
    <subfield code="a">Branscombe, Nyla R. </subfield>
  </datafield>
  <datafield tag="942" ind1=" " ind2=" ">
    <subfield code="2">ddc</subfield>
    <subfield code="c">EN</subfield>
    <subfield code="h">301</subfield>
    <subfield code="m">BAR</subfield>
  </datafield>
  <datafield tag="999" ind1=" " ind2=" ">
    <subfield code="c">101972</subfield>
    <subfield code="d">101972</subfield>
  </datafield>
  <datafield tag="952" ind1=" " ind2=" ">
    <subfield code="0">0</subfield>
    <subfield code="1">0</subfield>
    <subfield code="4">0</subfield>
    <subfield code="7">0</subfield>
    <subfield code="8">NFIC</subfield>
    <subfield code="a">RKP</subfield>
    <subfield code="b">RKP</subfield>
    <subfield code="d">2017-01-05</subfield>
    <subfield code="e">DBAD/PUB</subfield>
    <subfield code="g">579.00</subfield>
    <subfield code="l">0</subfield>
    <subfield code="o">301 BAR</subfield>
    <subfield code="p">EN-100370</subfield>
    <subfield code="r">2017-01-05 00:00:00</subfield>
    <subfield code="t">1</subfield>
    <subfield code="v">579.00</subfield>
    <subfield code="y">EN</subfield>
  </datafield>
  <datafield tag="952" ind1=" " ind2=" ">
    <subfield code="0">0</subfield>
    <subfield code="1">0</subfield>
    <subfield code="4">0</subfield>
    <subfield code="7">0</subfield>
    <subfield code="8">NFIC</subfield>
    <subfield code="a">L</subfield>
    <subfield code="b">L</subfield>
    <subfield code="d">2017-02-13</subfield>
    <subfield code="e">BPPD/EN/2016-17/300/24.11.2016/IN341/2.12.2017/4.1.2017</subfield>
    <subfield code="g">579.00</subfield>
    <subfield code="l">0</subfield>
    <subfield code="o">301 BAR</subfield>
    <subfield code="p">B-652120</subfield>
    <subfield code="r">2017-02-13 00:00:00</subfield>
    <subfield code="t">1</subfield>
    <subfield code="v">579.00</subfield>
    <subfield code="y">EN</subfield>
    <subfield code="z">Legal Case (Register No. 2019)</subfield>
  </datafield>
  <datafield tag="952" ind1=" " ind2=" ">
    <subfield code="0">0</subfield>
    <subfield code="1">0</subfield>
    <subfield code="4">0</subfield>
    <subfield code="7">0</subfield>
    <subfield code="8">NFIC</subfield>
    <subfield code="a">NPL</subfield>
    <subfield code="b">NPL</subfield>
    <subfield code="d">2017-02-13</subfield>
    <subfield code="e">BPPD/EN/2016-17/300/24.11.2016/IN341/2.12.2017/4.1.2017</subfield>
    <subfield code="g">579.00</subfield>
    <subfield code="l">0</subfield>
    <subfield code="o">301 BAR</subfield>
    <subfield code="p">B-652121</subfield>
    <subfield code="r">2017-02-13 00:00:00</subfield>
    <subfield code="t">1</subfield>
    <subfield code="v">579.00</subfield>
    <subfield code="y">EN</subfield>
  </datafield>
  <datafield tag="952" ind1=" " ind2=" ">
    <subfield code="0">0</subfield>
    <subfield code="1">0</subfield>
    <subfield code="4">0</subfield>
    <subfield code="7">0</subfield>
    <subfield code="8">NFIC</subfield>
    <subfield code="a">BL1</subfield>
    <subfield code="b">BL1</subfield>
    <subfield code="d">2017-02-13</subfield>
    <subfield code="e">BPPD/EN/2016-17/300/24.11.2016/IN341/2.12.2017/4.1.2017</subfield>
    <subfield code="g">579.00</subfield>
    <subfield code="l">0</subfield>
    <subfield code="o">301 BAR</subfield>
    <subfield code="p">B-652122</subfield>
    <subfield code="r">2017-02-13 00:00:00</subfield>
    <subfield code="t">1</subfield>
    <subfield code="v">579.00</subfield>
    <subfield code="y">EN</subfield>
  </datafield>
  <datafield tag="952" ind1=" " ind2=" ">
    <subfield code="0">0</subfield>
    <subfield code="1">0</subfield>
    <subfield code="4">0</subfield>
    <subfield code="7">0</subfield>
    <subfield code="8">NFIC</subfield>
    <subfield code="a">KGM</subfield>
    <subfield code="b">KGM</subfield>
    <subfield code="d">2017-02-13</subfield>
    <subfield code="e">BPPD/EN/2016-17/300/24.11.2016/IN341/2.12.2017/4.1.2017</subfield>
    <subfield code="g">579.00</subfield>
    <subfield code="l">0</subfield>
    <subfield code="o">301 BAR</subfield>
    <subfield code="p">B-652123</subfield>
    <subfield code="r">2017-02-13 00:00:00</subfield>
    <subfield code="t">1</subfield>
    <subfield code="v">579.00</subfield>
    <subfield code="y">EN</subfield>
  </datafield>
  <datafield tag="952" ind1=" " ind2=" ">
    <subfield code="0">0</subfield>
    <subfield code="1">0</subfield>
    <subfield code="4">0</subfield>
    <subfield code="7">0</subfield>
    <subfield code="8">NFIC</subfield>
    <subfield code="a">PR</subfield>
    <subfield code="b">PR</subfield>
    <subfield code="d">2017-02-13</subfield>
    <subfield code="e">BPPD/EN/2016-17/300/24.11.2016/IN341/2.12.2017/4.1.2017</subfield>
    <subfield code="g">579.00</subfield>
    <subfield code="l">0</subfield>
    <subfield code="o">301 BAR</subfield>
    <subfield code="p">B-652124</subfield>
    <subfield code="r">2017-02-13 00:00:00</subfield>
    <subfield code="t">1</subfield>
    <subfield code="v">579.00</subfield>
    <subfield code="y">EN</subfield>
  </datafield>
  <datafield tag="952" ind1=" " ind2=" ">
    <subfield code="0">0</subfield>
    <subfield code="1">0</subfield>
    <subfield code="4">0</subfield>
    <subfield code="7">0</subfield>
    <subfield code="8">NFIC</subfield>
    <subfield code="a">JP</subfield>
    <subfield code="b">JP</subfield>
    <subfield code="d">2017-02-13</subfield>
    <subfield code="e">BPPD/EN/2016-17/300/24.11.2016/IN341/2.12.2017/4.1.2017</subfield>
    <subfield code="g">579.00</subfield>
    <subfield code="l">1</subfield>
    <subfield code="o">301 BAR</subfield>
    <subfield code="p">B-652125</subfield>
    <subfield code="r">2018-07-07 00:00:00</subfield>
    <subfield code="s">2018-03-15</subfield>
    <subfield code="t">1</subfield>
    <subfield code="v">579.00</subfield>
    <subfield code="y">EN</subfield>
  </datafield>
  <datafield tag="952" ind1=" " ind2=" ">
    <subfield code="0">0</subfield>
    <subfield code="1">0</subfield>
    <subfield code="4">0</subfield>
    <subfield code="7">0</subfield>
    <subfield code="8">NFIC</subfield>
    <subfield code="a">ZLS</subfield>
    <subfield code="b">ZLS</subfield>
    <subfield code="d">2017-02-13</subfield>
    <subfield code="e">BPPD/EN/2016-17/300/24.11.2016/IN341/2.12.2017/4.1.2017</subfield>
    <subfield code="g">579.00</subfield>
    <subfield code="l">6</subfield>
    <subfield code="m">1</subfield>
    <subfield code="o">301 BAR</subfield>
    <subfield code="p">B-652126</subfield>
    <subfield code="r">2024-11-08 00:00:00</subfield>
    <subfield code="s">2024-09-24</subfield>
    <subfield code="t">1</subfield>
    <subfield code="v">579.00</subfield>
    <subfield code="y">EN</subfield>
  </datafield>
  <datafield tag="952" ind1=" " ind2=" ">
    <subfield code="0">0</subfield>
    <subfield code="1">0</subfield>
    <subfield code="4">0</subfield>
    <subfield code="7">0</subfield>
    <subfield code="8">NFIC</subfield>
    <subfield code="a">ZLS</subfield>
    <subfield code="b">ZLS</subfield>
    <subfield code="d">2017-02-13</subfield>
    <subfield code="e">BPPD/EN/2016-17/300/24.11.2016/IN341/2.12.2017/4.1.2017</subfield>
    <subfield code="g">579.00</subfield>
    <subfield code="l">4</subfield>
    <subfield code="m">5</subfield>
    <subfield code="o">301 BAR</subfield>
    <subfield code="p">B-652127</subfield>
    <subfield code="r">2022-07-11 00:00:00</subfield>
    <subfield code="s">2022-06-29</subfield>
    <subfield code="t">1</subfield>
    <subfield code="v">579.00</subfield>
    <subfield code="y">EN</subfield>
  </datafield>
  <datafield tag="952" ind1=" " ind2=" ">
    <subfield code="0">0</subfield>
    <subfield code="1">0</subfield>
    <subfield code="4">0</subfield>
    <subfield code="7">0</subfield>
    <subfield code="8">NFIC</subfield>
    <subfield code="a">BL4</subfield>
    <subfield code="b">BL4</subfield>
    <subfield code="d">2017-02-13</subfield>
    <subfield code="e">BPPD/EN/2016-17/300/24.11.2016/IN341/2.12.2017/4.1.2017</subfield>
    <subfield code="g">579.00</subfield>
    <subfield code="l">9</subfield>
    <subfield code="m">12</subfield>
    <subfield code="o">301 BAR</subfield>
    <subfield code="p">B-652128</subfield>
    <subfield code="r">2021-07-27 00:00:00</subfield>
    <subfield code="s">2021-07-15</subfield>
    <subfield code="t">1</subfield>
    <subfield code="v">579.00</subfield>
    <subfield code="y">EN</subfield>
  </datafield>
  <datafield tag="952" ind1=" " ind2=" ">
    <subfield code="0">0</subfield>
    <subfield code="1">0</subfield>
    <subfield code="4">0</subfield>
    <subfield code="7">0</subfield>
    <subfield code="8">NFIC</subfield>
    <subfield code="a">YV</subfield>
    <subfield code="b">YV</subfield>
    <subfield code="d">2017-02-13</subfield>
    <subfield code="e">BPPD/EN/2016-17/300/24.11.2016/IN341/2.12.2017/4.1.2017</subfield>
    <subfield code="g">579.00</subfield>
    <subfield code="l">9</subfield>
    <subfield code="m">12</subfield>
    <subfield code="o">301 BAR</subfield>
    <subfield code="p">B-652129</subfield>
    <subfield code="r">2023-05-03 00:00:00</subfield>
    <subfield code="s">2023-04-20</subfield>
    <subfield code="t">1</subfield>
    <subfield code="v">579.00</subfield>
    <subfield code="y">EN</subfield>
  </datafield>
  <datafield tag="952" ind1=" " ind2=" ">
    <subfield code="0">0</subfield>
    <subfield code="1">0</subfield>
    <subfield code="4">0</subfield>
    <subfield code="7">0</subfield>
    <subfield code="8">NFIC</subfield>
    <subfield code="a">AV</subfield>
    <subfield code="b">AV</subfield>
    <subfield code="d">2017-07-19</subfield>
    <subfield code="e">BPPD/EN/2016-17/AV/2016-17/466/15.02.2017/567/28.02.2017/10.03.17</subfield>
    <subfield code="g">579.00</subfield>
    <subfield code="l">3</subfield>
    <subfield code="m">1</subfield>
    <subfield code="o">301 BAR</subfield>
    <subfield code="p">B-666220</subfield>
    <subfield code="r">2025-06-23 00:00:00</subfield>
    <subfield code="s">2025-05-23</subfield>
    <subfield code="t">1</subfield>
    <subfield code="v">579.00</subfield>
    <subfield code="w">2017-07-19</subfield>
    <subfield code="y">EN</subfield>
  </datafield>
</record>
